00699nam a2200217 a 450000100060000000300090000600800410001502000150005604000280007108200160009910000240011524500570013925000070019626000520020330000100025565000250026565000370029065000770032765000230040465000540042710133CO-ViMGA141112s2004 ck r 000 u spa d a9586007804 aCO-ViMGAbspacCO-ViMGA04a657.01 M5121 aMeigs ; Robert F., 10aContabilidad : bLa Base para decisiones Gerenciales a10 aSantafé de Bogotá : bMcGraw - Hill, c1998 a881p.14aEL BALANCE DE PRUEBA14aEL CICLO CONTABLE : INTRODUCCION14aESTADOS FINANCIEROS EL PUNTO DE PARTIDA EN EL ESTUDIO DE LA CONTABILIDAD14aINFORME FINANCIERO14aPRINCIPIOS DE CONTABILIDAD GENERALMENTE ACEPTADOS